VIII Всесоюзный симпозиум по стабильным изотопам в геохимии (11-14 ноября 1980 г., Москва)

Библиографические подробности
Корпоративные авторы: Академия наук СССР Институт геохимии и аналитической химии им. В. И. Вернадского, Стабильные изотопы в геохимии
Язык:русский
Опубликовано: Москва, [Б. и.], 1980
Предметы:
Формат: Книга
Запись в KOHA:https://koha.lib.tpu.ru/cgi-bin/koha/opac-detail.pl?biblionumber=363098

MARC

LEADER 00000nam0a2200000 4500
001 363098
005 20231102011545.0
035 |a (RuTPU)RU\TPU\retro\20445 
090 |a 363098 
100 |a 20210920d1980 k y0rusy50 ca 
101 0 |a rus 
102 |a RU 
105 |a a z 101zy 
200 1 |a VIII Всесоюзный симпозиум по стабильным изотопам в геохимии (11-14 ноября 1980 г., Москва)  |f Академия наук СССР, Институт геохимии и аналитической химии им. В. И. Вернадского 
210 |a Москва  |c [Б. и.]  |d 1980 
215 |a 424 с.  |c ил. 
320 |a Авторский указатель: с. 388-400 
606 1 |a Изотопы  |x Геохимия  |2 stltpush  |3 (RuTPU)RU\TPU\subj\12348  |9 39146 
610 1 |a стабильные изотопы 
610 1 |a благородные газы 
610 1 |a инертные газы 
610 1 |a атмосферные осадки 
610 1 |a изотопный состав 
610 1 |a изотопный анализ 
610 1 |a симпозиумы 
675 |a 550.42:546(063)  |v 4 
712 0 2 |a Академия наук СССР  |b Институт геохимии и аналитической химии им. В. И. Вернадского  |c (Москва)  |2 stltpush  |3 (RuTPU)RU\TPU\col\11383  |9 25078 
712 1 2 |a Стабильные изотопы в геохимии  |c симпозиум  |d 8  |e Москва  |f 1980 
801 1 |a RU  |b 63413507  |c 20210920 
801 2 |a RU  |b 63413507  |c 20210920  |g RCR 
942 |c BK